Katana Zero Levels - Statistics

General Stats
  • This quiz has been taken 4 times
  • The average score is 2 of 12
Answer Stats
Levels % Correct
Chinatown
75%
Bunker
50%
Dragon Tape
25%
Murdower Hotel
25%
Slaughterhouse
25%
Bunker Part 2
0%
Club Neon
0%
Factory Hideout
0%
Government Lab
0%
Mansion Hideout
0%
Mutual-Nil Prison
0%
Studio 51
0%
No matching quizzes found
Score Distribution
Percent of People with Each Score
Percentile by Number Answered
Your Score History
You have not taken this quiz